000
00288nam a2200121Ia 4500
008
241002s9999 xx 000 0 und d
082
_a
973 KEI
100
_a
Keith, W. Olson
245
3
_a
An outline of American History
260
_a
Washington:
_c
1985
600
_a
History
942
_c
UC
999
_c
19000
_d
19000